000 00450nam a2200133Ia 4500
008 220216s9999 xx 000 0 und d
100 _aTiyo
245 0 _aNR market down despite fall in output growth
260 _bRubber Asia
_c2013
300 _a102
520 _aWith global economic slowdown and a serious demand recession in Europe continuing unabated, NR prices are unlikely to move up in the near future
650 _aNR market
942 _cJS
999 _c64156
_d64156